CAD trong điện và điện tử vi điều khiển và ứng dụng
Gồm 10 chương: Cài đặt mikroc và picbsic pro; ngôn ngữ C và các hàm có sẵn trong mikroc; điều khiển led đơn; bài tập thực hành với picbasic pro và proteus; điều khiển động cơ một chiều (DC); điều khiển động cơ bước;...; TM tài liệu tham khảo tr...
محفوظ في:
| المؤلف الرئيسي: | |
|---|---|
| مؤلفون آخرون: | |
| التنسيق: | كتاب |
| اللغة: | Undetermined |
| منشور في: |
H.
Bách khoa Hà Nội
2016
|
| الموضوعات: | |
| الوصول للمادة أونلاين: | http://lrc.tdmu.edu.vn/opac/search/detail.asp?aID=2&ID=33785 |
| الوسوم: |
إضافة وسم
لا توجد وسوم, كن أول من يضع وسما على هذه التسجيلة!
|
| Thư viện lưu trữ: | Trung tâm Học liệu Trường Đại học Thủ Dầu Một |
|---|
| LEADER | 01019nam a2200205Ia 4500 | ||
|---|---|---|---|
| 001 | TDMU_33785 | ||
| 008 | 210410s9999 xx 000 0 und d | ||
| 082 | |a 509.22597 | ||
| 090 | |b L250 | ||
| 100 | |a Lê, Ngọc Bích | ||
| 245 | 0 | |a CAD trong điện và điện tử vi điều khiển và ứng dụng | |
| 260 | |a H. | ||
| 260 | |b Bách khoa Hà Nội | ||
| 260 | |c 2016 | ||
| 300 | |a 383 tr | ||
| 520 | |a Gồm 10 chương: Cài đặt mikroc và picbsic pro; ngôn ngữ C và các hàm có sẵn trong mikroc; điều khiển led đơn; bài tập thực hành với picbasic pro và proteus; điều khiển động cơ một chiều (DC); điều khiển động cơ bước;...; TM tài liệu tham khảo tr. 2 | ||
| 650 | |a Vi điều khiển |x Cad | ||
| 700 | |a Phạm, Quang Huy | ||
| 856 | |u http://lrc.tdmu.edu.vn/opac/search/detail.asp?aID=2&ID=33785 | ||
| 980 | |a Trung tâm Học liệu Trường Đại học Thủ Dầu Một | ||